000 00247nam a2200097Ia 4500
001 1101599
005 20250827003303.0
008 250824s9999 xx 000 0 und d
245 0 _aCENNET KUŞU
_cTUĞÇE IŞIN SU
260 _bHAYY KİTAP YAYINLARI
999 _c1101599
_d1101599